00748nam a22001937a 4500003000900000008004100009020002200050040007100072082001500143100002800158245008300186260003300269300002600302541016000328650001100488650001200499650001300511700003000524AR-CdUCM190325b ||||| |||| 00| 0 spa d a978-612-4069-83-3 aMUNICIPALIDAD PROVINCIAL DEL CUSCOcBIBLIOTECA MUNICIPAL DEL CUSCO a633 /bC28 aCastro Lizarbe, Roberto aBackus cristal : bEl burbujeante destape de una historia de sabor y éxito / aLima : bEl comercio,c2011. a187 paginas ;c22 cm. aContenido : Introducción -- Décadas de peruanidad -- Los secretos de la rubia -- 60 años de publicidad -- Una marca cervecera para cada ocasión ... aBackus aCerveza aHistoria aGonzalo Carranza, Bigotti